Introduction to managerial economics (Record no. 3494)

000 -LEADER
fixed length control field 00429nam a22001337a 4500
020 ## - INTERNATIONAL STANDARD BOOK NUMBER
International Standard Book Number 8192426471
082 ## - DEWEY DECIMAL CLASSIFICATION NUMBER
Classification number 338.5024658
100 ## - MAIN ENTRY--PERSONAL NAME
Personal name Hales, Alexander
245 ## - TITLE STATEMENT
Title Introduction to managerial economics
260 ## - PUBLICATION, DISTRIBUTION, ETC.
Place of publication, distribution, etc. New Delhi
Name of publisher, distributor, etc. Random exports
Date of publication, distribution, etc. 2013
300 ## - PHYSICAL DESCRIPTION
Extent 304p
942 ## - ADDED ENTRY ELEMENTS (KOHA)
Koha item type Book
Holdings
Withdrawn status Lost status Damaged status Not for loan Collection code Permanent Location Current Location Shelving location Date acquired Total Checkouts Full call number Barcode Date last seen Price effective from Koha item type
          Central Library (CL) Central Library (CL) General Stacks 07/15/2016   338.5024658 HAL S3H-S-66 07/15/2016 07/15/2016 Book
© 2023 Central Library, National University of Sciences and Technology. All Rights Reserved.